Plutarch's Moralia / (Record no. 540192)
[ view plain ]
| 000 -LEADER | |
|---|---|
| fixed length control field | 00954nam a2200229 a 4500 |
| 005 - DATE AND TIME OF LATEST TRANSACTION | |
| control field | 20260402104742.0 |
| 008 - FIXED-LENGTH DATA ELEMENTS--GENERAL INFORMATION | |
| fixed length control field | 260203m1936 enk ||||r|||| 00| 0 eng d |
| 040 ## - CATALOGING SOURCE | |
| Original cataloging agency | AM-YEHGA |
| Transcribing agency | AM-YEHGA |
| 041 1# - LANGUAGE CODE | |
| Language code of text/sound track or separate title | eng |
| 100 0# - MAIN ENTRY--PERSONAL NAME | |
| Personal name | Plutarch |
| 245 10 - TITLE STATEMENT | |
| Title | Plutarch's Moralia / |
| Statement of responsibility, etc. | with an English translation by Frank Cole Babbitt, Harold NorthFowler ... in fifteen volumes ... |
| 250 ## - EDITION STATEMENT | |
| Edition statement | Reprinted 1957 |
| 260 ## - PUBLICATION, DISTRIBUTION, ETC. | |
| Place of publication, distribution, etc. | Cambridge, Mass., |
| Name of publisher, distributor, etc. | Harvard University press; |
| Place of publication, distribution, etc. | London, |
| Name of publisher, distributor, etc. | W. Heinemann, ltd., |
| Date of publication, distribution, etc. | 1936-1976. |
| 300 ## - PHYSICAL DESCRIPTION | |
| Extent | volume ; |
| Dimensions | 17 cm |
| 490 0# - SERIES STATEMENT | |
| Series statement | Loeb Classical Library, [Greek authors] |
| Volume/sequential designation | 305-6 |
| 505 ## - FORMATTED CONTENTS NOTE | |
| Miscellaneous information | Vol. 4 (1957, xiv, 553, 10 p.) : |
| Title | t Title 263 D-351 B |
| Miscellaneous information | Vol. 5 (1957, xii, 515, 10 p.) : |
| Title | 351 C-438 E |
| 546 ## - LANGUAGE NOTE | |
| Language note | Greek and English on opposite pages |
| 650 14 - SUBJECT ADDED ENTRY--TOPICAL TERM | |
| Topical term or geographic name entry element | Ethics |
| Form subdivision | Early works to 1800 |
| 700 1# - ADDED ENTRY--PERSONAL NAME | |
| Personal name | Babbitt, Frank Cole, |
| Dates associated with a name | 1867-1935, |
| Relator term | translator |
| 700 1# - ADDED ENTRY--PERSONAL NAME | |
| Personal name | Fowler, Harold North, |
| Dates associated with a name | 1859-1955 |
| Relator term | traslator |
| 942 ## - ADDED ENTRY ELEMENTS (KOHA) | |
| Source of classification or shelving scheme | Universal Decimal Classification |
| Koha item type | Գրքեր / Books |
| Suppress in OPAC | No |
| Withdrawn status | Lost status | Source of classification or shelving scheme | Damaged status | Not for loan | Collection | Home library | Current library | Date acquired | Serial enumeration / chronology | Total checkouts | Full call number | Barcode | Date last seen | Price effective from | Koha item type | Public note |
|---|---|---|---|---|---|---|---|---|---|---|---|---|---|---|---|---|
| Universal Decimal Classification | General | Fundamental Scientific Library | Fundamental Scientific Library | 03/02/2026 | Vol. 4 | И I/1130 | FL0702948 | 03/02/2026 | 03/02/2026 | Գրքեր / Books | 30 Days Loan | |||||
| Universal Decimal Classification | General | Fundamental Scientific Library | Fundamental Scientific Library | 03/02/2026 | Vol. 5 | И I/1131 | FL0702949 | 03/02/2026 | 03/02/2026 | Գրքեր / Books | 30 Days Loan |
ՀՀ Գիտությունների ազգային ակադեմիայի հիմնարար գիտական գրադարան = Fundamental Scientific Library of NAS RA
All site content, except where otherwise noted, is licensed under a